Các phương pháp phân tích hiện đại và ứng dụng trong hoá học /

Shranjeno v:
Bibliografske podrobnosti
Glavni avtor: Hồ Viết Quý
Format: Sách giấy
Jezik:Vietnamese
Izdano: Hà Nội : Đại học Quốc gia , 1998
Oznake: Označite
Brez oznak, prvi označite!
Thư viện lưu trữ: Thư viện Trường Đại học Đà Lạt
LEADER 00611nam a2200241 4500
001 DLU020017910
005 ##5/7/2001
020 # # |a 978- 
041 # # |a vie 
082 # # |a 543  |b HO-Q 
100 # # |a Hồ Viết Quý 
245 # # |a Các phương pháp phân tích hiện đại và ứng dụng trong hoá học /  |c Hồ Viết Quý 
260 # # |a Hà Nội :  |b Đại học Quốc gia ,  |c 1998 
300 # # |a 312 tr.;   |c 21 cm. 
992 # # |a 31800 
994 # # |a DLU 
900 # # |a False 
911 # # |a Administrator 
925 # # |a G 
926 # # |a A 
927 # # |a SH 
980 # # |a Thư viện Trường Đại học Đà Lạt